Mantiravātiyin̲ makan̲. (Record no. 60471)

MARC details
000 -LEADER
fixed length control field 00562cam a22002171 4500
001 - CONTROL NUMBER
control field sa 64007760
003 - CONTROL NUMBER IDENTIFIER
control field DLC
005 - DATE AND TIME OF LATEST TRANSACTION
control field 20260227112049.0
008 - FIXED-LENGTH DATA ELEMENTS--GENERAL INFORMATION
fixed length control field 931214s1962 xx a j 000 0 tam
010 ## - LIBRARY OF CONGRESS CONTROL NUMBER
LC control number sa 64007760
025 ## - OVERSEAS ACQUISITION NUMBER
Overseas acquisition number PL480:I-T-575
035 ## - SYSTEM CONTROL NUMBER
System control number (OCoLC)29490461
040 ## - CATALOGING SOURCE
Original cataloging agency DLC
Transcribing agency NRU
Modifying agency DLC
050 00 - LIBRARY OF CONGRESS CALL NUMBER
Classification number QL467
Item number .G6
100 1# - MAIN ENTRY--PERSONAL NAME
Personal name Kōpālakiruṣṇan̲, Kalvi,
Dates associated with a name 1912-
245 10 - TITLE STATEMENT
Title Mantiravātiyin̲ makan̲.
260 ## - PUBLICATION, DISTRIBUTION, ETC.
Date of publication, distribution, etc. [1962?]
300 ## - PHYSICAL DESCRIPTION
Extent 79 p.
Other physical details col. illus.
Dimensions 24 cm.
500 ## - GENERAL NOTE
General note In Tamil.
650 #0 - SUBJECT ADDED ENTRY--TOPICAL TERM
Topical term or geographic name entry element Insects
Form subdivision Juvenile literature.

No items available.

Powered by Koha